000 00842cam a22002534a 4500
001 13387433
005 20180123045942.0
008 031029s2004 caua b 001 0 eng
010 _a 2003023724
020 _a078797062X (alk. paper)
040 _aDLC
_cDLC
_dDLC
041 _aeng
042 _apcc
043 _an-us---
080 _a379.73 mic
082 0 0 _a379.73 nic
_222300/.72 hen
100 _a46
101 _aedu
245 0 0 _aFrom high school to college :
_cMichael W. Kirst, Andrea Venezia, editors.
504 _aIncludes bibliographical references and index.
906 _a7
_bcbc
_corignew
_d1
_eecip
_f20
_gy-gencatlg
942 _2ddc
_cBK
999 _c40767
_d40767